| 000 | 01460 a2200265 4500 | ||
|---|---|---|---|
| 999 |
_c9075 _d9075 |
||
| 020 | _a9780702184871 (pbk.) | ||
| 050 | 0 | 0 | _aKTL 1347 2010 |
| 100 | 1 | _aGrogan, John. | |
| 245 | 1 | 0 |
_aCollective labour law / _cby John Grogan. |
| 250 | _a[2nd ed.] | ||
| 264 |
_aCape Town _bJUTA, _c2010 |
||
| 300 | _axxvii, 335 p. ; | ||
| 500 | _a"This volume is a companion volume to three other works on labour law ... . The volumes in the quartet deal, respectively, with the rights of employers and employees during the employment relationship (Employment rights), with the termination of the employment relationship (Dismissal), with the relationship between formations of employees and their employers (this volume) and with the resolution of labour and employment disputes by the various tribunals charged with that task (Labour litigation and dispute resolution)"--Pref. | ||
| 504 | _aIncludes index. | ||
| 650 | 0 | _aCollective labor agreements | |
| 650 | 0 |
_aLabor unions _xLaw and legislation |
|
| 650 | 0 |
_aStrikes and lockouts _xLaw and legislation |
|
| 650 | 0 | _aIndustrial relations | |
| 700 | 1 |
_aGrogan, John. _tEmployment rights. |
|
| 700 | 1 |
_aGrogan, John. _tDismissal. |
|
| 700 | 1 |
_aGrogan, John. _tLabour litigation and dispute resolution. |
|
| 856 | 4 | 1 |
_3Table of contents only _uhttp://www.loc.gov/catdir/toc/fy11pdf02/2010289695.html |
| 942 |
_2lcc _cBK _h3455 _iGRO _kKF |
||